| 000 | 00000nam 2200000zi 4500 |
| 001 | 9.925038 |
| 003 | CaOODSP |
| 005 | 20250401080158 |
| 006 | m o d f |
| 007 | cr mn||||||||| |
| 008 | 230713t20222023onca ob f000 0 fre d |
| 020 | |a9780660494821 |q(rapport) |
| 020 | |a9780660494845 |q(résumé) |
| 040 | |aCaOODSP|bfre|erda|cCaOODSP |
| 043 | |an-cn-bc |
| 045 | |ay1y2 |
| 086 | 1 |aJ79-18/1-2023F-PDF |
| 086 | 1 |aJ79-18/2-2023F-PDF |
| 100 | 1 |aMcAuley, Lauren, |eauteur. |
| 245 | 00|aRace et prise de décision en matière de poursuites : |banalyse du bureau régional de la Colombie-Britannique du Service des poursuites pénales du Canada / |crapport préparé par Lauren McAuley, directrice de recherche, et Jessica Lawn, avocate-conseil et chef d'équipe en Colombie-Britannique ; pour Todd Gerhart, procurer fédéral en chef de la Colombie-Britannique, et George Dolhai, directeur adjoint du Service des poursuites pénales du Canada. |
| 264 | 1|aOttawa (Ontario) : |bService des poursuites pénales du Canada = Public Prosecution Service of Canada, |c2022. |
| 264 | 4|c©2023 |
| 300 | |a1 ressource en ligne (138 pages) : |billustrations (principalement en couleur) |
| 336 | |atexte|btxt|2rdacontent/fre |
| 337 | |ainformatique|bc|2rdamedia/fre |
| 338 | |aressource en ligne|bcr|2rdacarrier/fre |
| 500 | |aPublié aussi en anglais sous le titre : Race and prosecutorial decision-making: an analysis of the Public Prosecution Service of Canada's British Columbia regional office. |
| 500 | |a« Septembre 2022. » |
| 504 | |aComprend des références bibliographiques. |
| 610 | 26|aService des poursuites pénales du Canada. |
| 650 | 6|aDiscrimination dans l'administration de la justice pénale|zColombie-Britannique. |
| 650 | 6|aDiscrimination dans l'application des lois|zColombie-Britannique. |
| 650 | 6|aPoursuites judiciaires|zColombie-Britannique|xPrise de décision. |
| 710 | 2 |aService des poursuites pénales du Canada, |eorganisme de publication. |
| 775 | 08|tRace and prosecutorial decision-making : |w(CaOODSP)9.925037 |
| 856 | 40|qPDF|s1.58 Mo|uhttps://publications.gc.ca/collections/collection_2025/sppc-ppsc/J79-18-1-2023-fra.pdf |